000 00769nab a2200253 u 4500
001 21487
003 HDC
007 cr bn ---aaaaa
008 210309c mydr|nes 0 a eng d
040 _aHDC
245 0 _aMasalah tiada pemantauan
260 _aMalaysia :
_bUTUSAN MALAYSIA,
_c2015
300 _a1pages
336 _atext
_2rdacontent
337 _acomputer
_2rdamedia
338 _aonline resource
_2rdacarrier
650 _ahalal issues
_91644
650 _ahalal sector
_94858
710 _aUTUSAN MALAYSIA
856 _zRequest full-text at [email protected]
942 _2lcc
942 _cNEWS
942 _kNWSC 010445
999 _c18803
_d18803